000 00836nam a2200265Ia 4500
003 OSt
005 20221005062216.0
006 a|||||r|||| 00| 0
007 ta
008 221004b |||||||| |||| 00| 0 eng d
020 _a9780415301268 (pbk)
_c1677.12
024 _a95838
037 _b06069, 19/03/2009, Atlantic Publisher & Dist. Pvt Ltd.
_cTextual
040 _aCRL
_cCRL
_beng
041 _2eng
_aeng
082 _aQ2:26, P8
100 _aMittal Sushil Ed.
245 0 _aStudying hinduism
_b Key concepts and methods
260 _aLondon
_bRoutledge UK
_c2008
300 _axi,412p.
_ccm.
650 _aRELIGION
700 _a Thursby Gene Ed.
942 _hQ2:26, P8
_cTEXL
_2cc
999 _c969360
_d969360